[Event "XII Weekend B"]
[Site "Ceriano Laghetto ITA"]
[Date "2003.01.26"]
[Round "3"]
[White "Rinaldo, Luigi"]
[Black "Pedetti, Roberto"]
[Result "1-0"]
[WhiteElo "1479"]
[BlackElo "1600"]
[PlyCount "67"]
[EventDate "2003.01.25"]

1. d4 c5 2. c4 cxd4 3. Qxd4 Nc6 4. Qd1 d6 5. Nc3 Nf6 6. Nf3 Bf5 7. e3 g6 8. Bd3
Bg4 9. h3 Bd7 10. O-O Bg7 11. e4 O-O 12. a3 a6 13. Be3 Rb8 14. Rc1 Qc7 15. b4
b6 16. Qd2 Ne5 17. Nxe5 dxe5 18. Nd5 Nxd5 19. cxd5 Qb7 20. Rc2 Rfc8 21. Rfc1
Rxc2 22. Rxc2 a5 23. b5 Bf8 24. Qc1 Rc8 25. a4 e6 26. dxe6 Bxe6 27. Kh2 Be7 28.
g4 Bd8 29. f3 Kf8 30. Bh6+ Ke7 31. Rc6 Rxc6 32. bxc6 Qc7 33. Qa3+ Qd6 34. Bg5+
1-0

[Event "XII Weekend B"]
[Site "Ceriano Laghetto ITA"]
[Date "2003.01.26"]
[Round "3"]
[White "Saccani, Ettore"]
[Black "De Luca, Vincenzo"]
[Result "1/2-1/2"]
[WhiteElo "1672"]
[BlackElo "1558"]
[PlyCount "59"]
[EventDate "2003.01.25"]

1. e4 e6 2. d4 d5 3. Nc3 Nf6 4. e5 Ng8 5. Nf3 c5 6. Bd3 Nc6 7. Be3 cxd4 8. Nxd4
Nxe5 9. O-O Nxd3 10. Qxd3 a6 11. Rfe1 Nf6 12. Nf3 h6 13. Ne5 Bb4 14. Rad1 O-O
15. a3 Bxc3 16. Qxc3 Bd7 17. Qb3 b5 18. Rd4 Ne4 19. Nxd7 Qxd7 20. Bxh6 Nd6 21.
Rg4 Nf5 22. Bf4 Rac8 23. Qd3 Qc6 24. c3 Rcd8 25. Be5 f6 26. Bf4 d4 27. cxd4
Rxd4 28. Qb3 Rc4 29. h4 Kh8 30. Qd3 1/2-1/2

[Event "XII Weekend B"]
[Site "Ceriano Laghetto ITA"]
[Date "2003.01.26"]
[Round "3"]
[White "Sala, Pierluigi"]
[Black "Ferraris, Fulvio"]
[Result "1-0"]
[WhiteElo "1428"]
[BlackElo "1657"]
[PlyCount "127"]
[EventDate "2003.01.25"]

1. d4 d5 2. Nf3 e6 3. g3 c5 4. c3 Nc6 5. Bg2 Qb6 6. O-O cxd4 7. cxd4 Nge7 8.
Nc3 Ng6 9. Re1 h5 10. h4 Bb4 11. a3 Bxc3 12. bxc3 Qc7 13. e4 dxe4 14. Rxe4 O-O
15. Ng5 f6 16. Nxe6 Bxe6 17. Rxe6 Qa5 18. Bxc6 bxc6 19. Rxc6 Rad8 20. Bd2 Qf5
21. Be3 Ne7 22. Rc5 Qg4 23. Qxg4 hxg4 24. Rb1 Rc8 25. Rxc8 Rxc8 26. Rb7 Nd5 27.
Bd2 a6 28. Rb3 Rc6 29. Kg2 Kh7 30. f3 f5 31. fxg4 fxg4 32. Kf2 Kg6 33. Ke2 Kf5
34. Kd3 Nb6 35. Rb1 Nc4 36. Rf1+ Kg6 37. Rf4 Nxa3 38. Rxg4+ Kf7 39. Rg5 Nb5 40.
Re5 Rf6 41. Bg5 Rc6 42. c4 Nd6 43. c5 Nb5 44. Kc4 Rc7 45. d5 g6 46. Re6 Ra7 47.
Rf6+ Kg7 48. Rf1 Rc7 49. c6 Nd6+ 50. Kc5 Ne4+ 51. Kb6 Rc8 52. Kb7 Nd6+ 53. Kxa6
Ne8 54. Re1 Nd6 55. Bf4 Ra8+ 56. Kb6 Nc4+ 57. Kb7 Rd8 58. c7 Na5+ 59. Kb6 Ra8
60. d6 Nc4+ 61. Kb7 Rf8 62. c8=Q Rxf4 63. Qc7+ Rf7 64. Re7 1-0

[Event "XII Weekend B"]
[Site "Ceriano Laghetto ITA"]
[Date "2003.01.26"]
[Round "3"]
[White "Spreafico, Gianpiero"]
[Black "Tosetto, Flavio"]
[Result "1-0"]
[WhiteElo "1500"]
[BlackElo "1534"]
[PlyCount "105"]
[EventDate "2003.01.25"]

1. d4 Nf6 2. c4 g6 3. Nf3 Bg7 4. e3 O-O 5. Nc3 d6 6. Be2 Nbd7 7. b3 c5 8. Bb2
cxd4 9. Nxd4 Nc5 10. Qc2 b6 11. Bf3 Bb7 12. Bxb7 Nxb7 13. Nce2 Nc5 14. Rd1 Qc7
15. h3 Qb7 16. O-O Rac8 17. Ng3 Rfd8 18. Qb1 Nce4 19. Nde2 b5 20. Nxe4 Nxe4 21.
Bxg7 Kxg7 22. Qb2+ Kg8 23. cxb5 Qxb5 24. Nd4 Qe5 25. Rc1 Qg5 26. Nc6 Nc5 27.
Nxd8 Rxd8 28. Qd4 Qf5 29. b4 Nd3 30. Rc7 e5 31. Qc3 Qe4 32. Rxa7 Nxb4 33. Qc7
Rf8 34. Qxd6 Nd3 35. a4 Qc4 36. a5 Re8 37. a6 Kg7 38. Rc7 Qb5 39. a7 Ra8 40.
Ra1 Qb2 41. Qa3 Qxf2+ 42. Kh2 Qxe3 43. Rf1 Kh6 44. Rfxf7 Qe2 45. Rxh7+ Kg5 46.
Qe7+ Kf4 47. Rc4+ Ke3 48. Qg5+ Kf2 49. Qg3+ Kf1 50. Rf7+ Nf4 51. Rc1+ Qd1 52.
Rxd1+ Ke2 53. Qe1# 1-0

[Event "XII Weekend B"]
[Site "Ceriano Laghetto ITA"]
[Date "2003.01.26"]
[Round "3"]
[White "Valsecchi, Alessio"]
[Black "Macchinizzi, Elio"]
[Result "1/2-1/2"]
[WhiteElo "1461"]
[BlackElo "1677"]
[PlyCount "43"]
[EventDate "2003.01.25"]

1. e4 c5 2. Nf3 Nc6 3. d4 cxd4 4. Nxd4 Nf6 5. Nc3 e5 6. Nb3 Bb4 7. Bd3 d5 8.
Bd2 Bxc3 9. Bxc3 dxe4 10. Bb5 Qc7 11. O-O O-O 12. h3 Be6 13. Qe2 Bd5 14. Bxc6
Bxc6 15. Rfe1 Nd5 16. Bd2 f5 17. Nc5 Rae8 18. Rad1 b6 19. Na6 Qb7 20. Nb4 a5
21. Nxd5 Bxd5 22. Be3 1/2-1/2

[Event "XII Weekend B"]
[Site "Ceriano Laghetto ITA"]
[Date "2003.01.26"]
[Round "3"]
[White "Viale, Fabio"]
[Black "Tosetto, Flavio"]
[Result "1/2-1/2"]
[WhiteElo "1485"]
[BlackElo "1534"]
[PlyCount "95"]
[EventDate "2003.01.25"]

1. d4 Nf6 2. c4 g6 3. Nc3 Bg7 4. Nf3 O-O 5. e4 d6 6. Be2 Nbd7 7. d5 Nc5 8. Qc2
c6 9. b4 Nfxe4 10. Nxe4 Bxa1 11. bxc5 dxc5 12. O-O Bf5 13. dxc6 b6 14. Nh4 Qc7
15. Nxf5 gxf5 16. Ng5 e6 17. Bb2 Bxb2 18. Qxb2 Qf4 19. Qf6 Qd4 20. Qe7 Qd8 21.
Qxd8 Raxd8 22. Rd1 Rxd1+ 23. Bxd1 Re8 24. Bh5 Rc8 25. Bxf7+ Kf8 26. Bxe6 Rxc6
27. Bxf5 h6 28. Nf3 Rd6 29. Bc2 a6 30. a4 Ke7 31. g3 Re6 32. Kf1 Kd6 33. Bf5
Re8 34. Bc2 a5 35. Kg2 Re6 36. Bd3 Re7 37. Kh3 Ke6 38. Kg4 Kf6 39. Kh5 Kg7 40.
h4 Rf7 41. Be4 Re7 42. Bd3 Rd7 43. Bc2 Rd6 44. Kg4 Kf6 45. Kf4 Re6 46. Bd1 Rd6
47. Bc2 Re6 48. Bd1 1/2-1/2

[Event "XII Weekend B"]
[Site "Ceriano Laghetto ITA"]
[Date "2003.02.01"]
[Round "4"]
[White "Alessandro, Sergio"]
[Black "Rinaldo, Andrea"]
[Result "1-0"]
[WhiteElo "1467"]
[BlackElo "1494"]
[PlyCount "93"]
[EventDate "2003.01.25"]

1. d4 c6 2. Nf3 d5 3. g3 Bf5 4. Bg2 e6 5. O-O Bd6 6. c3 Nf6 7. Qb3 Qc7 8. Bg5
Nbd7 9. Nbd2 Ne4 10. Nxe4 Bxe4 11. Rfd1 O-O 12. c4 dxc4 13. Qxc4 Nb6 14. Qb3 h6
15. Be3 Nd5 16. Rac1 Qb6 17. Qxb6 axb6 18. Ne5 Bxg2 19. Kxg2 Nxe3+ 20. fxe3
Bxe5 21. dxe5 Rfd8 22. Rd4 Rxd4 23. exd4 Rxa2 24. Rb1 c5 25. e3 Ra4 26. Rd1 Rb4
27. Rd2 c4 28. Kf3 Kh7 29. Ke4 Rb3 30. Rf2 Rd3 31. Rxf7 Rb3 32. Re7 Rxb2 33.
Rxe6 c3 34. Kd3 c2 35. Kd2 Ra2 36. Kc1 Ra6 37. Kxc2 b5 38. Re7 Ra2+ 39. Kb3
Rxh2 40. Rxb7 Rh3 41. Kc3 Rxg3 42. Kd3 Rg6 43. d5 h5 44. d6 Rg1 45. Kc2 Rg2+
46. Kc3 Rg1 47. e6 1-0

[Event "XII Weekend B"]
[Site "Ceriano Laghetto ITA"]
[Date "2003.02.01"]
[Round "4"]
[White "Bellotto, Stefano"]
[Black "Pino, Nicola"]
[Result "1/2-1/2"]
[WhiteElo "1740"]
[BlackElo "1705"]
[PlyCount "67"]
[EventDate "2003.01.25"]

1. e4 c5 2. Nf3 e6 3. d3 Nc6 4. g3 Nf6 5. Bg2 Be7 6. O-O O-O 7. Re1 d6 8. c3 e5
9. a3 b6 10. Nbd2 Bb7 11. Nf1 Qc7 12. Ne3 Rfd8 13. Nd5 Nxd5 14. exd5 Nb8 15. c4
Nd7 16. Bg5 Bxg5 17. Nxg5 h6 18. Nh3 Nf6 19. f4 exf4 20. Nxf4 Bc8 21. Nh5 Nxh5
22. Qxh5 Qd7 23. Re4 Qf5 24. Qh4 Bd7 25. Rf1 Qg5 26. Qxg5 hxg5 27. Re7 f6 28.
Rfe1 Ba4 29. Be4 Kf8 30. Bg6 Be8 31. Bxe8 Rxe8 32. R7e6 Rad8 33. Kg2 Kf7 34.
Kf3 1/2-1/2

[Event "XII Weekend B"]
[Site "Ceriano Laghetto ITA"]
[Date "2003.02.01"]
[Round "4"]
[White "Cardani, Roberto"]
[Black "Molteni, Costantino"]
[Result "1/2-1/2"]
[WhiteElo "1788"]
[BlackElo "1573"]
[PlyCount "165"]
[EventDate "2003.01.25"]

1. e4 Nf6 2. e5 Nd5 3. d4 d6 4. Nf3 Bg4 5. Be2 c6 6. O-O Bxf3 7. Bxf3 dxe5 8.
dxe5 e6 9. Qe2 Qc7 10. c4 Ne7 11. Bf4 Ng6 12. Bg3 Nd7 13. Re1 Be7 14. Nc3 O-O
15. a3 a5 16. Bg4 Bg5 17. Rad1 Rad8 18. Rd4 Nc5 19. Red1 Rxd4 20. Rxd4 Rd8 21.
Qd1 Rd7 22. b4 axb4 23. axb4 Rxd4 24. Qxd4 Nd7 25. f4 Be7 26. c5 b6 27. Ne4
bxc5 28. bxc5 Qa7 29. Nd6 Qxc5 30. Qxc5 Nxc5 31. Bf3 Nd3 32. Bxc6 Ndxf4 33. Nc4
Nd3 34. Be4 Bc5+ 35. Kf1 Ndf4 36. Ke1 Nh5 37. Bf2 Bb4+ 38. Ke2 Nhf4+ 39. Kf3
Bc3 40. g3 Nd5 41. Bxg6 hxg6 42. Ke4 f6 43. exf6 gxf6 44. h3 f5+ 45. Kd3 Kf7
46. Nb6 Be5 47. Nc4 Nb4+ 48. Ke2 Bf6 49. Bc5 Bc3 50. Nd6+ Kf6 51. Nb5 Na6 52.
Bd6 Be5 53. Bxe5+ Kxe5 54. Ke3 Nc5 55. Nc7 Ne4 56. g4 f4+ 57. Kf3 Ng5+ 58. Kg2
f3+ 59. Kf2 Ke4 60. h4 Nh3+ 61. Kf1 Nf4 62. h5 gxh5 63. gxh5 e5 64. h6 Ng6 65.
Kf2 Kf4 66. Nd5+ Kg4 67. h7 e4 68. Nf6+ Kf5 69. Nd5 Ke5 70. Ne3 Kf4 71. Nd5+
Ke5 72. Ne3 Kd4 73. Nf5+ Kd3 74. Ne3 Nh8 75. Nf5 Nf7 76. Ne3 Kd4 77. Nf5+ Ke5
78. Ne3 Kf6 79. Ng4+ Kg7 80. Ke3 Nd6 81. Nf2 Kxh7 82. Nxe4 Nxe4 83. Kxf3
1/2-1/2

[Event "XII Weekend B"]
[Site "Ceriano Laghetto ITA"]
[Date "2003.02.01"]
[Round "4"]
[White "Casartelli, Fabio"]
[Black "Mason, Giovanni"]
[Result "1-0"]
[WhiteElo "1624"]
[BlackElo "1561"]
[PlyCount "49"]
[EventDate "2003.01.25"]

1. d4 d5 2. Nf3 g6 3. e3 Nf6 4. Nbd2 Bg7 5. Be2 Nbd7 6. b4 b6 7. b5 Bb7 8. O-O
O-O 9. a4 a5 10. Ba3 Re8 11. Rc1 e5 12. c4 dxc4 13. Bxc4 e4 14. Ng5 Nd5 15.
Ngxe4 Bh6 16. Qb3 N7f6 17. Nxf6+ Qxf6 18. Bxd5 Bxd5 19. Qxd5 Rad8 20. Qf3 Qe6
21. Rxc7 Rc8 22. Rfc1 Bf8 23. d5 Qf5 24. Qxf5 gxf5 25. Rxc8 1-0

[Event "XII Weekend B"]
[Site "Ceriano Laghetto ITA"]
[Date "2003.02.01"]
[Round "4"]
[White "Conta, Diego"]
[Black "Bernasconi, Fabio"]
[Result "0-1"]
[WhiteElo "1474"]
[BlackElo "1702"]
[PlyCount "114"]
[EventDate "2003.01.25"]

1. d4 Nf6 2. c4 g6 3. Nc3 Bg7 4. e4 d6 5. Nf3 O-O 6. Be2 e5 7. d5 a5 8. a3 Na6
9. Be3 Ng4 10. Qd2 Nxe3 11. Qxe3 Nc5 12. Bd1 f5 13. Bc2 f4 14. Qe2 g5 15. Nd2
g4 16. O-O-O Bh6 17. f3 Qg5 18. Rdg1 Kh8 19. Kb1 Bd7 20. fxg4 Qxg4 21. Qxg4
Bxg4 22. Nf3 Rf7 23. h3 Bh5 24. Rf1 Rg8 25. Rhg1 Rfg7 26. Nh4 Bg6 27. Re1 Bg5
28. Nxg6+ Rxg6 29. Ne2 Bh4 30. Ref1 Rxg2 31. Rxg2 Rxg2 32. Nc3 Rh2 33. Rf3 Bg3
34. Nb5 Na6 35. Rf1 Rxh3 36. Bd1 h5 37. Bf3 Kg7 38. Bh1 h4 39. Bf3 Rh2 40. Kc1
Kf6 41. Rd1 Rf2 42. Bg4 Kg5 43. Bc8 f3 44. Bxb7 Nc5 45. Bc8 Nxe4 46. Nxc7 Bf4+
47. Kb1 Nd2+ 48. Ka2 Nxc4 49. Ba6 Nxb2 50. Rb1 Nc4+ 51. Ka1 Nxa3 52. Rg1+ Rg2
53. Ne6+ Kg4 54. Rh1 Bg3 55. Bf1 Nc2+ 56. Kb1 Ne3 57. Bxg2 fxg2 0-1

[Event "XII Weekend B"]
[Site "Ceriano Laghetto ITA"]
[Date "2003.02.01"]
[Round "4"]
[White "D'Aulisa, Francesco"]
[Black "Libutti, Michele"]
[Result "0-1"]
[WhiteElo "1573"]
[BlackElo "1612"]
[PlyCount "73"]
[EventDate "2003.01.25"]

1. e4 c6 2. d4 d5 3. e5 Bf5 4. Nf3 e6 5. Bd3 Bxd3 6. Qxd3 c5 7. Qb5+ Qd7 8. Nc3
a6 9. Qxd7+ Nxd7 10. Be3 Ne7 11. O-O Nc6 12. Ne2 cxd4 13. Bf4 Bc5 14. a3 O-O
15. Rad1 Rac8 16. c3 dxc3 17. Nxc3 Ba7 18. Rfe1 h6 19. h4 Rfd8 20. g4 Bb8 21.
g5 h5 22. g6 fxg6 23. Ng5 Ndxe5 24. Bxe5 Nxe5 25. f4 Ba7+ 26. Kh1 Ng4 27. Nh3
Re8 28. Rd2 Be3 29. Rde2 d4 30. Ne4 Rcd8 31. Nd2 Bxd2 32. Rxd2 d3 33. Ng5 e5
34. fxe5 Rxe5 35. Rxe5 Nxe5 36. Kg2 Nc4 37. Rd1 0-1

[Event "XII Weekend B"]
[Site "Ceriano Laghetto ITA"]
[Date "2003.02.01"]
[Round "4"]
[White "De Luca, Vincenzo"]
[Black "Corti, Filippo"]
[Result "1-0"]
[WhiteElo "1558"]
[BlackElo "1552"]
[PlyCount "67"]
[EventDate "2003.01.25"]

1. f4 Nf6 2. d4 d5 3. Nf3 Bf5 4. e3 e6 5. c3 Nbd7 6. Bd3 Bg4 7. O-O c5 8. Qe1
Qb6 9. Ne5 Bh5 10. Qh4 h6 11. Nxd7 Kxd7 12. f5 Be7 13. fxe6+ fxe6 14. Rxf6 Bxf6
15. Qxh5 Rhf8 16. Nd2 cxd4 17. exd4 Bxd4+ 18. Kh1 Bf6 19. Nf3 Rae8 20. Ne5+
Bxe5 21. Qxe5 Re7 22. Be3 Qc6 23. a4 a6 24. b4 b6 25. Bxa6 Rf5 26. Qg3 Qa8 27.
Bb5+ Kc8 28. Bxb6 d4 29. Rc1 d3 30. Qxd3 Rd5 31. Qc4+ Kb8 32. Rf1 Rf5 33. Rxf5
exf5 34. Qg8+ 1-0

[Event "XII Weekend B"]
[Site "Ceriano Laghetto ITA"]
[Date "2003.02.01"]
[Round "4"]
[White "Donadi, Luca"]
[Black "Piazza, Angelo"]
[Result "0-1"]
[WhiteElo "1657"]
[BlackElo "1701"]
[PlyCount "74"]
[EventDate "2003.01.25"]

1. e4 Nf6 2. e5 Nd5 3. d4 d6 4. Nf3 Bg4 5. exd6 exd6 6. c4 Qe7+ 7. Qe2 Bxf3 8.
gxf3 Qxe2+ 9. Bxe2 Nb4 10. Na3 N8c6 11. Bd2 d5 12. c5 a6 13. O-O Be7 14. Rfe1
Kd7 15. Bxb4 Nxb4 16. f4 f5 17. Bf1 Bf6 18. Rad1 Rae8 19. Rxe8 Rxe8 20. f3 g6
21. Kg2 Bh4 22. Rd2 Be1 23. Rd1 Bh4 24. Rd2 Nxa2 25. Nc2 Nc1 26. Nb4 c6 27. Rd1
Re1 28. Rxe1 Bxe1 29. Nc2 Bd2 30. Kg3 Nb3 31. h4 Bc1 32. h5 Bxb2 33. hxg6 hxg6
34. Nb4 Bxd4 35. Nd3 Nxc5 36. Ne5+ Bxe5 37. fxe5 g5 0-1

[Event "XII Weekend B"]
[Site "Ceriano Laghetto ITA"]
[Date "2003.02.01"]
[Round "4"]
[White "Ferraris, Fulvio"]
[Black "Lampl, Gerald"]
[Result "1-0"]
[WhiteElo "1657"]
[BlackElo "1455"]
[PlyCount "171"]
[EventDate "2003.01.25"]

1. d4 b6 2. c4 Bb7 3. Nc3 e6 4. a3 Be7 5. Qc2 Nf6 6. Bf4 d6 7. Rd1 Nh5 8. Bg3
Nxg3 9. hxg3 h6 10. e4 O-O 11. Bd3 Nd7 12. Nf3 Re8 13. Kf1 Qc8 14. Qd2 Bf6 15.
g4 e5 16. d5 Nc5 17. g5 hxg5 18. b4 Nxd3 19. Qxd3 g6 20. Qe3 Qg4 21. Ne2 Kg7
22. Nh2 Qd7 23. b5 Rh8 24. g3 a6 25. a4 axb5 26. axb5 Rh7 27. g4 Rah8 28. Kg2
Ra8 29. f3 Rhh8 30. Ra1 Ra5 31. Rxa5 bxa5 32. Ra1 Ra8 33. Ra4 Ba6 34. Rxa5 Bb7
35. Rxa8 Bxa8 36. Qa7 Qc8 37. Nc1 Qb7 38. Qxb7 Bxb7 39. Nd3 Be7 40. Nf1 Bc8 41.
Nd2 f5 42. Kg3 fxg4 43. fxg4 Kf7 44. Kf3 Bd7 45. Nb3 Ke8 46. Nb2 Kd8 47. Na5
Kc8 48. Nd3 Bf8 49. Nb4 Kb8 50. Na6+ Ka7 51. Nb3 Kb6 52. Nb4 Be8 53. Nd3 Bd7
54. Nf2 Be7 55. Ke3 Bd8 56. Kd3 Be7 57. Kc3 Bd8 58. Kb4 Be7 59. Nc1 Bd8 60. Na2
Be7 61. Nc3 Bf8 62. Na4+ Kb7 63. Ka5 Be7 64. Nc3 Bd8 65. Kb4 Be7 66. Na4 Ka7
67. Nb2 Kb6 68. Nbd3 Bc8 69. Ka4 Bb7 70. c5+ Ka7 71. c6 Bc8 72. Ka5 Bd8 73. Nb2
Kb8 74. Nc4 Ka7 75. Kb4 Kb8 76. Kc3 Ka7 77. b6+ cxb6 78. Nxd6 Ba6 79. Nf7 Bf6
80. d6 Kb8 81. Nd3 Bxd3 82. Kxd3 Kc8 83. Kc4 Bg7 84. Kb5 Kb8 85. Kxb6 Kc8 86.
d7+ 1-0

[Event "XII Weekend B"]
[Site "Ceriano Laghetto ITA"]
[Date "2003.02.01"]
[Round "4"]
[White "Greco, Umberto"]
[Black "Saccani, Ettore"]
[Result "1-0"]
[WhiteElo "1536"]
[BlackElo "1672"]
[PlyCount "83"]
[EventDate "2003.01.25"]

1. c4 Nf6 2. Nc3 e6 3. g3 d5 4. cxd5 exd5 5. d4 Be7 6. Bg2 O-O 7. Nf3 Bf5 8.
O-O Qd7 9. Re1 c6 10. Bd2 Na6 11. a3 Rad8 12. b4 Nc7 13. Qb3 a6 14. Ra2 Ne4 15.
Bf4 Nxc3 16. Qxc3 Nb5 17. Qb3 Bf6 18. Be3 Rfe8 19. a4 Nd6 20. Nd2 Ne4 21. Rb2
Be6 22. Nf3 c5 23. Qa3 c4 24. b5 axb5 25. Rxb5 Ra8 26. Reb1 Rxa4 27. Qxa4 Nc3
28. Qb4 Nxb5 29. Qxb5 Qxb5 30. Rxb5 Rb8 31. Bf4 Ra8 32. Rxb7 g5 33. Rb8+ Rxb8
34. Bxb8 c3 35. Bd6 c2 36. Ba3 Be7 37. Bc1 Bd7 38. e3 f5 39. Ne1 Ba4 40. Kf1
Bb4 41. Nd3 Bc3 42. Nc5 1-0

[Event "XII Weekend B"]
[Site "Ceriano Laghetto ITA"]
[Date "2003.02.01"]
[Round "4"]
[White "Longo, Giovanni"]
[Black "Regorda, Massimiliano"]
[Result "1/2-1/2"]
[WhiteElo "1645"]
[BlackElo "1489"]
[PlyCount "84"]
[EventDate "2003.01.25"]

1. e4 e5 2. Nf3 Nc6 3. Bb5 g6 4. O-O Bg7 5. d3 a6 6. Ba4 b5 7. Bb3 Na5 8. Nbd2
d6 9. Bd5 c6 10. Bb3 Nf6 11. Re1 O-O 12. Nf1 Re8 13. Ng3 Nxb3 14. axb3 Qb6 15.
Be3 Qc7 16. b4 Ng4 17. Bd2 Qb6 18. Re2 d5 19. Qc1 dxe4 20. Nxe4 Qc7 21. Nc5 Nf6
22. h3 Nd7 23. Bh6 Nxc5 24. Bxg7 Kxg7 25. bxc5 a5 26. Qg5 Bf5 27. Rae1 f6 28.
Qg3 Bd7 29. h4 Qa7 30. h5 Qxc5 31. Nxe5 Rxe5 32. Rxe5 fxe5 33. Rxe5 Qf8 34. Rg5
Bf5 35. Qc7+ Qf7 36. Qxc6 Re8 37. Kh2 Qf6 38. h6+ Kf7 39. Qd5+ Re6 40. f4 Qxb2
41. d4 a4 42. Rxf5+ gxf5 1/2-1/2

[Event "XII Weekend B"]
[Site "Ceriano Laghetto ITA"]
[Date "2003.02.01"]
[Round "4"]
[White "Macchinizzi, Elio"]
[Black "Abbura', Davide"]
[Result "1/2-1/2"]
[WhiteElo "1677"]
[BlackElo "1564"]
[PlyCount "49"]
[EventDate "2003.01.25"]

1. c4 e6 2. d4 d5 3. e3 Nf6 4. Nc3 Nbd7 5. Nf3 Be7 6. Bd3 O-O 7. O-O c6 8. a3
Qc7 9. b3 e5 10. dxe5 Nxe5 11. Nxe5 Qxe5 12. Bb2 Bd6 13. g3 Bg4 14. Qc2 Qh5 15.
Rfe1 Bf3 16. Bf1 Ng4 17. h3 Ne5 18. Rec1 f5 19. cxd5 cxd5 20. Nb5 Be4 21. Qd1
Nf3+ 22. Kh1 Ne5+ 23. Kh2 Nf3+ 24. Kh1 Nd4+ 25. Kh2 1/2-1/2

[Event "XII Weekend B"]
[Site "Ceriano Laghetto ITA"]
[Date "2003.02.01"]
[Round "4"]
[White "Marchesotti, Giovanni"]
[Black "Boffi, Luigi"]
[Result "1/2-1/2"]
[WhiteElo "1453"]
[BlackElo "1368"]
[PlyCount "49"]
[EventDate "2003.01.25"]

1. b3 e5 2. Bb2 Nc6 3. c4 Nf6 4. e3 d6 5. Nf3 Be7 6. Be2 Bf5 7. a3 h6 8. d3 O-O
9. Nbd2 Bh7 10. O-O Nd7 11. Ne4 f5 12. Nc3 Nf6 13. Nd5 Nxd5 14. cxd5 Nb8 15.
Rc1 Nd7 16. d4 e4 17. Nd2 a6 18. a4 Nf6 19. b4 Kh8 20. Bc4 Qd7 21. Nb1 f4 22.
Nc3 f3 23. gxf3 Qh3 24. Be2 Qh4 25. f4 1/2-1/2

[Event "XII Weekend B"]
[Site "Ceriano Laghetto ITA"]
[Date "2003.02.01"]
[Round "4"]
[White "Pepa, Syrja"]
[Black "Noseda, Francesco"]
[Result "1-0"]
[WhiteElo "1729"]
[BlackElo "1786"]
[PlyCount "111"]
[EventDate "2003.01.25"]

1. e4 e5 2. Nf3 Nc6 3. Bb5 a6 4. Ba4 Nf6 5. O-O Be7 6. Re1 b5 7. Bb3 O-O 8. c3
d6 9. h3 Na5 10. Bc2 c5 11. d3 Nc6 12. Nbd2 Qc7 13. Nf1 d5 14. exd5 Nxd5 15.
Ne3 Be6 16. Nxd5 Bxd5 17. Qe2 Bf6 18. Ng5 g6 19. Ne4 Bxe4 20. Qxe4 Rad8 21. Bh6
Bg7 22. Bg5 f6 23. Be3 Qd6 24. f4 Bh6 25. f5 Bxe3+ 26. Rxe3 g5 27. h4 h6 28.
hxg5 hxg5 29. a4 b4 30. Qg4 Kg7 31. Qh5 Rh8 32. Qg6+ Kf8 33. Bb3 Rd7 34. Rh3
Rxh3 35. Qg8+ Ke7 36. gxh3 e4 37. Qe6+ Qxe6 38. fxe6 Rxd3 39. Bc4 Rxh3 40. Rd1
Ne5 41. Bxa6 bxc3 42. bxc3 Rxc3 43. Bc8 Ra3 44. Rb1 Rxa4 45. Rb7+ Ke8 46. Rh7
Ra1+ 47. Kg2 Ng6 48. Rg7 Ne7 49. Bd7+ Kd8 50. Rf7 Nd5 51. Bc6 Nf4+ 52. Kf2 Nxe6
53. Rxf6 Ke7 54. Rf5 Nd4 55. Rxc5 Nxc6 56. Rxc6 $139 1-0

[Event "XII Weekend B"]
[Site "Ceriano Laghetto ITA"]
[Date "2003.02.01"]
[Round "4"]
[White "Pepa, Yezdin Dino"]
[Black "Valsecchi, Alessio"]
[Result "1/2-1/2"]
[WhiteElo "1600"]
[BlackElo "1461"]
[PlyCount "136"]
[EventDate "2003.01.25"]

1. e4 c5 2. Nf3 d6 3. c3 Nf6 4. d3 g6 5. Be2 Bg7 6. O-O O-O 7. Be3 b6 8. Qd2
Ng4 9. Bf4 Nc6 10. h3 Nge5 11. Nxe5 Nxe5 12. Bg3 Bb7 13. f4 Nd7 14. Qe3 d5 15.
e5 e6 16. d4 Rc8 17. Nd2 Re8 18. Nf3 cxd4 19. Nxd4 Bf8 20. Qf2 Nc5 21. Qf3 a5
22. Qg4 Ba6 23. Bxa6 Nxa6 24. f5 exf5 25. Nxf5 h5 26. Qe2 gxf5 27. Qxa6 Qd7 28.
Qd3 Rc6 29. Qxf5 Qxf5 30. Rxf5 Rg6 31. Bf2 Bc5 32. Rxh5 Bxf2+ 33. Kxf2 Rge6 34.
Rd1 Rxe5 35. Rxe5 Rxe5 36. Rd4 Kg7 37. Rf4 Kg6 38. g3 f6 39. a4 Rg5 40. g4 Re5
41. Rd4 Kg5 42. Rd3 f5 43. gxf5 Kxf5 44. Rg3 Re4 45. b3 d4 46. c4 Re6 47. Rg4
Re3 48. Rg3 Re6 49. h4 Rh6 50. Rh3 Kg4 51. Rh1 Kh5 52. Ke2 Rg6 53. Kd3 Rg3+ 54.
Kc2 Rg2+ 55. Kb1 Rg3 56. Kb2 Rg2+ 57. Kb1 Rg3 58. Kc2 Rg2+ 59. Kd3 Rg3+ 60.
Kxd4 Rxb3 61. Kd5 Ra3 62. Rb1 Rxa4 63. Rxb6 Ra1 64. c5 a4 65. Rb4 a3 66. Ra4 a2
67. Kc6 Kg6 68. Kb7 Rc1 1/2-1/2

[Event "XII Weekend B"]
[Site "Ceriano Laghetto ITA"]
[Date "2003.02.01"]
[Round "4"]
[White "Perotti, Davide"]
[Black "D'Apa, Matteo"]
[Result "0-1"]
[WhiteElo "1719"]
[BlackElo "1666"]
[PlyCount "104"]
[EventDate "2003.01.25"]

1. Nf3 d5 2. c4 c6 3. b3 Nf6 4. Bb2 e6 5. g3 Bd6 6. Bg2 O-O 7. Qc2 Nbd7 8. O-O
e5 9. c5 Bc7 10. d3 Ne8 11. e4 d4 12. Nbd2 Qe7 13. b4 Rb8 14. Nc4 b5 15. Ncd2
a5 16. a3 a4 17. Nh4 g6 18. f4 exf4 19. Bxd4 fxg3 20. hxg3 Bxg3 21. Nhf3 Ne5
22. Nxe5 Bxe5 23. Qc3 Bxd4+ 24. Qxd4 Be6 25. Nf3 Rd8 26. Qe3 Nf6 27. Ne5 Bd7
28. Nxd7 Rxd7 29. Bh3 Rdd8 30. Ra2 Qe5 31. Qf3 Nh5 32. Bg4 Ng7 33. Rd1 Qd4+ 34.
Qf2 Ne8 35. Qxd4 Rxd4 36. Kf2 Nf6 37. Ke3 Rfd8 38. Bf3 h6 39. Rh1 Kg7 40. Rd2
g5 41. e5 Ng4+ 42. Bxg4 Rxg4 43. d4 Rg3+ 44. Ke4 Rxa3 45. d5 cxd5+ 46. Rxd5 Rc8
47. Rd6 Rb3 48. Rdxh6 Rxb4+ 49. Kf5 Rxc5 50. Rh8 Rh4 51. R1xh4 gxh4 52. Rxh4 a3
0-1

[Event "XII Weekend B"]
[Site "Ceriano Laghetto ITA"]
[Date "2003.02.01"]
[Round "4"]
[White "Petetta, Roberto"]
[Black "Olivo, Mario"]
[Result "0-1"]
[WhiteElo "1603"]
[BlackElo "1789"]
[PlyCount "128"]
[EventDate "2003.01.25"]

1. e4 c5 2. Nf3 d6 3. d4 cxd4 4. Nxd4 Nf6 5. Nc3 a6 6. f4 Nbd7 7. a4 Qc7 8. Be2
e6 9. O-O Be7 10. Qe1 O-O 11. Bf3 Re8 12. Be3 Nc5 13. g4 h6 14. g5 hxg5 15.
fxg5 Nh7 16. Qg3 g6 17. h4 Qd8 18. Kg2 e5 19. Nde2 Ne6 20. Nd5 Bf8 21. Bb6 Qd7
22. a5 Bg7 23. Bg4 Rf8 24. Nf6+ Nxf6 25. gxf6 Bh6 26. Be3 Bxe3 27. Bxe6 Qxe6
28. Qxe3 Qg4+ 29. Ng3 Qxh4 30. Rh1 Qxf6 31. Rh2 Re8 32. Rah1 Kf8 33. Ne2 Qe6
34. Rh4 Qf6 35. c4 Qd8 36. c5 Be6 37. b4 Ke7 38. Rd1 d5 39. Kg3 d4 40. Qg5+ f6
41. Rh7+ Bf7 42. Qxg6 Rf8 43. Rf1 Ke8 44. Qxf6 Qxf6 45. Rxf6 Rd8 46. Rd6 Rxd6
47. cxd6 Kd7 48. Rh6 Be6 49. Rh7+ Rf7 50. Rxf7+ Bxf7 51. Nxd4 exd4 52. e5 Be6
53. Kf2 Kc6 54. Ke2 Kb5 55. Kd3 Kxb4 56. Kxd4 Kb5 57. Kc3 Kc5 58. Kd3 Kd5 59.
Kc3 Kxe5 60. d7 Bxd7 61. Kc4 Kd6 62. Kb4 Kd5 63. Kc3 Kc5 64. Kb3 Kb5 0-1

[Event "XII Weekend B"]
[Site "Ceriano Laghetto ITA"]
[Date "2003.02.01"]
[Round "4"]
[White "Popovic, Dragan"]
[Black "Rampi, Franco"]
[Result "1-0"]
[WhiteElo "1656"]
[BlackElo "1341"]
[PlyCount "51"]
[EventDate "2003.01.25"]

1. e4 e5 2. Nf3 Nf6 3. Nc3 Bb4 4. d3 Nc6 5. Bg5 Bxc3+ 6. bxc3 O-O 7. Be2 d6 8.
O-O h6 9. Bh4 g5 10. Bg3 Nh5 11. Nd2 Nxg3 12. fxg3 Be6 13. Nb3 f5 14. exf5 Bxf5
15. Bh5 Kg7 16. Qe2 Bg6 17. Bxg6 Kxg6 18. Qe4+ Kg7 19. h4 Qe7 20. Qg4 Rxf1+ 21.
Rxf1 Rf8 22. Rxf8 Kxf8 23. hxg5 hxg5 24. Qc8+ Nd8 25. Na5 b6 26. Nc6 1-0

[Event "XII Weekend B"]
[Site "Ceriano Laghetto ITA"]
[Date "2003.02.01"]
[Round "4"]
[White "Romano', Fabio"]
[Black "Cartella, Giovanni"]
[Result "1-0"]
[WhiteElo "1792"]
[BlackElo "1728"]
[PlyCount "63"]
[EventDate "2003.01.25"]

1. e4 c5 2. Nf3 d6 3. d4 cxd4 4. Nxd4 Nf6 5. Nc3 a6 6. a4 Nc6 7. Be2 Bd7 8. Be3
e6 9. f4 Be7 10. O-O O-O 11. Nb3 Rc8 12. a5 Nb4 13. Bb6 Qe8 14. Bf3 e5 15. f5
h6 16. Rf2 Bc6 17. Rd2 Nh7 18. g3 Ng5 19. Bg2 Nh7 20. Qe2 Nf6 21. Rad1 Bd7 22.
Kh1 Bc6 23. Kg1 Bd7 24. h4 d5 25. exd5 Bxf5 26. d6 Bd8 27. Bc5 Nd7 28. Bxb4 Bf6
29. Nd5 Kh7 30. Be4 g6 31. Bxf5 gxf5 32. Nxf6+ 1-0